Constructing the identity of the polis: the Danaides as ”ancestors"

Saved in:  
Bibliographic Details
Main Author: Auffarth, Christoph 1951- (Author)
Format: Print Article
Language:English
Check availability: HBZ Gateway
Interlibrary Loan:Interlibrary Loan for the Fachinformationsdienste (Specialized Information Services in Germany)
Published: 1999
In: Ancient Greek hero cult
Year: 1999, Pages: 39-48
Rights Information:InC 1.0

MARC

LEADER 00000naa a22000002c 4500
001 1966627580
003 DE-627
005 20260319112531.0
007 tu
008 260319s1999 xx ||||| 00| ||eng c
020 |a 9179160379 
035 |a (DE-627)1966627580 
035 |a (DE-599)KXP1966627580 
040 |a DE-627  |b ger  |c DE-627  |e rda 
041 |a eng 
084 |a 0  |2 ssgn 
100 1 |e VerfasserIn  |0 (DE-588)112682103  |0 (DE-627)500068674  |0 (DE-576)167856650  |4 aut  |a Auffarth, Christoph  |d 1951- 
109 |a Auffarth, Christoph 1951-  |a Auffahrt, Christoph Ernst Heinrich 1951-  |a Auffahrt, C. 1951- 
245 1 0 |a Constructing the identity of the polis  |b the Danaides as ”ancestors"  |c Christoph Auffarth 
264 1 |c 1999 
336 |a Text  |b txt  |2 rdacontent 
337 |a ohne Hilfsmittel zu benutzen  |b n  |2 rdamedia 
338 |a Band  |b nc  |2 rdacarrier 
540 |q DE-Tue135  |a Urheberrechtsschutz 1.0  |2 rs  |u http://rightsstatements.org/vocab/InC/1.0/ 
773 0 8 |i Enthalten in  |t Ancient Greek hero cult  |d Stockholm : Åströms [u.a.], 1999  |g (1999), Seite 39-48  |h 207 S.  |w (DE-627)304414107  |w (DE-576)079888666  |z 9179160379  |7 nnam 
773 1 8 |g year:1999  |g pages:39-48 
951 |a AR 
ELC |b 1 
LOK |0 000 xxxxxcx a22 zn 4500 
LOK |0 001 4939311252 
LOK |0 003 DE-627 
LOK |0 004 1966627580 
LOK |0 005 20260319112531 
LOK |0 008 260319||||||||||||||||ger||||||| 
LOK |0 040   |a DE-Tue135  |c DE-627  |d DE-Tue135 
LOK |0 092   |o n 
LOK |0 852   |a DE-Tue135 
LOK |0 852 1  |9 00 
LOK |0 866   |x #079 
LOK |0 866   |x Erfassung nach Autorenmeldung 
LOK |0 935   |a ixau  |a rwzw 
LOK |0 939   |a 2026-03-19  |b l01 
ORI |a TA-MARC-ixtheoa001.raw 
REL |a 1 
SUB |a REL